• 首页
  • 本馆介绍
  • 公告通知
  • 最新文献
  • 馆藏检索
  • 电子资源
  • 读者导购
  • 参考咨询
  • 我的图书馆
  • 登录
  • 详细信息显示
  • 放入我的书架
  • 预约/预借图书
  • 作者相关作品
  • 分类相关作品
  • 丛书相关作品
  • 出版社相关作品

书目信息

  • 表格格式
  • 工作单格式
  • 卡片格式
题名:
留学美国
    
 
作者: 钱宁 著
分册:  
出版信息: 南京   江苏文艺出版社  1996
页数: 303页
开本: 20cm
丛书名:
单 册:
中图分类: I253 , I247.8
科图分类:
主题词: 报告文学--中国--现代 , 小说--中国
电子资源:
ISBN: 7-5399-0967-6
000 00646nam0 2200241 450
001 1563473584
005 20150119173912.01
010    @a7-5399-0967-6@dCNY13.80
100    @a20021005d1996 em y0chiy0110 ea
101 0  @achi
102    @aCN@b320000
105    @ay z 000zd
200 1  @a留学美国@9liu xue mei guo@e一个时代的故事@f钱宁著
210    @a南京@c江苏文艺出版社@d1996
215    @a303页@d20cm
510 1  @aStudying in U.S.A.@zeng
606 0  @a报告文学@y中国@z现代
606 0  @a小说@x中国
690    @aI253@v5
690    @aI247.8@v4
701  0 @a钱宁@9qian ning@4著
801  0 @aCN@bTSSF@c20150119
905    @aZUCC@dI247.8@eJY85
    
    留学美国:一个时代的故事/钱宁著.-南京:江苏文艺出版社,1996
    303页;20cm
    
    
    ISBN 7-5399-0967-6:CNY13.80
    
●
相关链接 在E读中查询图书 在五车中查询图书 在当当中查询图书 在豆瓣中查询图书


正题名:留学美国     索取号:I247.8/JY85         预约/预借

序号 登录号 条形码 馆藏地/架位号 状态 备注
1 7847617   278476178   学院路分馆/ [索取号:I247.8/JY85] 在馆    
2 7847618   278476187   学院路分馆/ [索取号:I247.8/JY85] 在馆    
3 7847619   278476196   学院路分馆/ [索取号:I247.8/JY85] 在馆    
唐山师范学院图书馆 欢迎您!
大连网信软件有限公司© 版权所有